India's Strategies for Information War and Cyber Deterrence/ (Record no. 177233)

MARC details
000 -LEADER
fixed length control field 00643nam a22001817a 4500
005 - DATE AND TIME OF LATEST TRANSACTION
control field 20210215165007.0
010 ## - LCCN (DPL NO)
LC control number ENG-128977
020 ## - INTERNATIONAL STANDARD BOOK NUMBER
Terms of availability 995.00
International Standard Book Number 978-93-86473-87-5
035 ## - SYSTEM CONTROL NUMBER
System control number EN-112509
037 ## - SOURCE OF ACQUISITION
Source of stock number/acquisition DBAD/PUB
082 ## - DEWEY DECIMAL CLASSIFICATION NUMBER
Classification number 005.80954
100 ## - MAIN ENTRY--PERSONAL NAME
Personal name Pathak, Ashok
245 ## - TITLE STATEMENT
Title India's Strategies for Information War and Cyber Deterrence/
Statement of responsibility, etc Ashok Pathak
260 ## - PUBLICATION, DISTRIBUTION, ETC. (IMPRINT)
Place of publication, distribution, etc New Delhi
Name of publisher, distributor, etc Vitasta Publishing Pvt. Ltd.
Date of publication, distribution, etc 2020
270 ## - ADDRESS
City New Delhi
Address 2/15, Ansari Roaad, Daryaganj
Postal code 110002
Electronic mail address info@vitastapublishing.com
300 ## - PHYSICAL DESCRIPTION
Extent xvi+380p.
Dimensions 22cm(hbk)
Other physical details Including bibliographic references.
942 ## - ADDED ENTRY ELEMENTS (KOHA)
Source of classification or shelving scheme Dewey Decimal Classification
Item type English Books
Classification part 005.80954
Call number suffix PAT
Holdings
Withdrawn status Lost status Not for loan Collection code Home library Current library Date acquired Source of acquisition Cost, normal purchase price Full call number Barcode Copy number Cost, replacement price Koha item type
      Non-fiction Ashok Vihar Ashok Vihar 15/02/2021 DBAD/PUB 995.00 005.80954 PAT EN-112509 1 995.00 English Books

© Delhi Public Library
Hit Counter
free hit counter